Ľubica Fábri: Málo ľudí vie, akým ekonomickým nástrojom vie byť dizajn

Bibliographic Details
Main Authors: Šporer, Peter (Author), Fábriová, Ľubica, 1961- (Author)
Format: Article
Language:Slovak
Subjects:

MARC

LEADER 00000nab a2200000 a 4500
001 vtls000692361
003 SK-MaSNL
005 20260305010238.0
008 180206c1999 xo 0 slo
015 |a SNBRB1999/05-10453 
035 |a CLN000044528 
040 |a SNKBUCL  |b slo  |c SNKBUCL  |e AACR2 
041 0 |a slo 
044 |a xo  |c SK 
080 |a 658.512.2(437.6)  |2 UDC-MRF-SK2 
080 |a 7.05:061.65(437.6)  |2 UDC-MRF-SK2 
100 1 |a Šporer, Peter  |4 aut  |9 840908 
245 1 0 |a Ľubica Fábri: Málo ľudí vie, akým ekonomickým nástrojom vie byť dizajn  |c Peter Šporer 
610 2 7 |a Slovenské centrum dizajnu (Bratislava, Slovensko)  |2 snkbucl  |9 151854 
650 0 7 |a dizajn  |z Slovensko  |2 snkbucl  |9 447338 
655 7 |a články z novín a časopisov  |2 snkbucl  |9 267496 
700 1 |a Fábriová, Ľubica,  |d 1961-  |4 aut  |9 387408 
773 0 |x 1335-0684  |t Trend  |g Roč. 9, č. 25 (1999), s. 7A 
850 |a Slovenská národná knižnica v Martine 
852 |a SNK  |b KIS3GCP 
958 |a RBX 
999 |c 3245607  |d 3247537